00437 2200169 4500001002100000008004100021035002000062245006600082100002300148250000600171260003100177300001200208084001400220082000800234650001300242990001200255INLIS000000000000760 ind  a0010-0424000736 aBiologi Konsep dan Skill Praktikum Edisi 2cAgus Dana Permana aDana Permana, Agus a1 aBandung :bITB Pressc2018 a145 hlm a574 AGU b a574 aNonfiksi a0739651